000 00332cam a2200133ua 4500
999 _c5344
_d5344
003 OSt
008 200615b ||||| |||| 00| 0 eng d
082 _a828.09
_bJOH/HOM
100 _aJohn Myres
_94591
245 _aHomer and his critics
260 _aLondon :
_bRoutledge & Kegan Paul Ltd ,
_c1960.
300 _a248 ; .
942 _cBK